Tipos de concentración del ingreso y estilos políticos en América Latina
Պահպանված է:
| Հիմնական հեղինակ: | |
|---|---|
| Ձևաչափ: | Տեքստ |
| Լեզու: | Spanish |
| Հրապարակվել է: |
Santiago :
|
| Խորագրեր: | |
| Ցուցիչներ: |
Ավելացրեք ցուցիչ
Չկան պիտակներ, Եղեք առաջինը, ով նշում է այս գրառումը!
|
MARC
| LEADER | 00000 a a2200000 04500 | ||
|---|---|---|---|
| 001 | 13919 | ||
| 003 | cru CIDCACS/IIS | ||
| 005 | 20231114161832.0 | ||
| 008 | 231114b1976 cl ||||| |||| 00| 0 spa d | ||
| 040 | |c cru CIDCACS/IIS | ||
| 090 | |a REV0877 (2) 1976 | ||
| 100 | |a Graciarena, Jorge | ||
| 245 | |a Tipos de concentración del ingreso y estilos políticos en América Latina | ||
| 260 | |a Santiago : | ||
| 300 | |a páginas 203-237 | ||
| 500 | |a Tomado de: REVISTA DE LA CEPAL, 2° semestre de 1976 | ||
| 650 | |a DISTRIBUCION DEL INGRESO | ||
| 650 | |a PODER POLITICO | ||
| 773 | |t Revista de la CEPAL |g No.2, (II Semestre, 1976), pp. páginas 203-237 | ||
| 942 | |2 z |c PP | ||
| 999 | |c 10937 |d 10937 | ||
